[Event "Ruhrgebiet VK2 1112"]
[Site "Nordrheinwestfalen"]
[Date "2011.11.13"]
[Round "3.6"]
[White "Behler, Nils"]
[Black "Masberg, Stefan"]
[Result "1/2-1/2"]
[WhiteElo "1694"]
[BlackElo "1899"]
[PlyCount "52"]
[EventDate "2012.09.18"]
[EventType "team-tourn"]
[EventRounds "9"]
[EventCountry "GER"]
[SourceTitle "EXT 2020"]
[Source "ChessBase"]
[SourceDate "2019.10.17"]
[SourceVersion "1"]
[SourceVersionDate "2019.10.17"]
[SourceQuality "1"]
[WhiteTeam "Dortmund FS 98 II"]
[BlackTeam "Bottrop SV"]
[WhiteTeamCountry "GER"]
[BlackTeamCountry "GER"]

1. e4 d6 2. d4 g6 3. c4 Bg7 4. Nc3 e5 5. d5 f5 6. exf5 Bxf5 7. Be3 Nf6 8. f3 b6 9. Qd2 Qe7 10. Nge2 h5 11. h4 Na6 12. Ng3 Nc5 13. b4 Nb7 14. Bg5 a5 15. Nce4 axb4 16. Rb1 Nc5 17. Bd3 Bxe4 18. Bxe4 Ncxe4 19. fxe4 0-0 20. 0-0 Ra3 21. Rb3 Qd7 22. Rbf3 Qg4 23. Qf2 Rxf3 24. gxf3 Qh3 25. Qg2 Qxg2+ 26. Kxg2 Ra8 1/2-1/2

[Event "Ruhrgebiet Verbandsliga2 1011"]
[Site "Nordrheinwestfalen"]
[Date "2011.03.20"]
[Round "8.7"]
[White "Behler, Nils"]
[Black "Schriewer, Thomas"]
[Result "0-1"]
[WhiteElo "1718"]
[BlackElo "1948"]
[PlyCount "68"]
[EventDate "2010.09.12"]
[EventType "team-tourn"]
[EventRounds "9"]
[EventCountry "GER"]
[SourceTitle "EXT 2020"]
[Source "ChessBase"]
[SourceDate "2019.10.17"]
[SourceVersion "1"]
[SourceVersionDate "2019.10.17"]
[SourceQuality "1"]
[WhiteTeam "Dortmund FS 98"]
[BlackTeam "Herne Sodingen II"]
[WhiteTeamCountry "GER"]
[BlackTeamCountry "GER"]

1. e4 c5 2. Nf3 Nc6 3. d4 cxd4 4. Nxd4 Nf6 5. Nc3 e5 6. Ndb5 d6 7. Bg5 a6 8. Na3 b5 9. Bxf6 gxf6 10. Nd5 f5 11. Bd3 Be6 12. c3 Bg7 13. 0-0 0-0 14. Qh5 fxe4 15. Bxe4 f5 16. Nf4 exf4 17. Bxc6 Ra7 18. Rfd1 b4 19. cxb4 Bxb2 20. Qe2 Be5 21. Rab1 Qh4 22. Rxd6 Qf6 23. Rdd1 Rc7 24. Bd5 Re7 25. Bxe6+ Rxe6 26. Nc4 Bb8 27. Qf3 Rfe8 28. Nd2 Qd4 29. Nf1 Qe4 30. Qb3 Kh8 31. Rd7 Rg8 32. Qh3 Rh6 33. Nd2 Qc6 34. Qc3+ Qxc3 0-1

[Event "Ruhrgebiet Verbandsliga2 1011"]
[Site "Nordrheinwestfalen"]
[Date "2010.11.28"]
[Round "4.7"]
[White "Behler, Nils"]
[Black "Busche, Klaus"]
[Result "1/2-1/2"]
[WhiteElo "1718"]
[BlackElo "1971"]
[PlyCount "81"]
[EventDate "2010.09.12"]
[EventType "team-tourn"]
[EventRounds "9"]
[EventCountry "GER"]
[SourceTitle "EXT 2020"]
[Source "ChessBase"]
[SourceDate "2019.10.17"]
[SourceVersion "1"]
[SourceVersionDate "2019.10.17"]
[SourceQuality "1"]
[WhiteTeam "Dortmund FS 98"]
[BlackTeam "Ahlen SV"]
[WhiteTeamCountry "GER"]
[BlackTeamCountry "GER"]

1. e4 d5 2. exd5 Nf6 3. Bc4 Nxd5 4. d4 Bf5 5. Qf3 e6 6. c3 Be7 7. Ne2 c6 8. Nd2 Nb6 9. Bd3 Bxd3 10. Qxd3 0-0 11. Ne4 e5 12. g4 exd4 13. cxd4 c5 14. Be3 Nc6 15. Rd1 c4 16. Qb1 Nd5 17. Bd2 Re8 18. 0-0 Nf6 19. Nxf6+ Bxf6 20. Be3 Qd5 21. Qf5 Qxf5 22. gxf5 Rad8 23. Rd2 Rd5 24. Rc1 b5 25. a4 Na5 26. Nc3 Rxf5 27. Nxb5 Rd8 28. Re1 Nb3 29. Rc2 a6 30. Na3 Nxd4 31. Bxd4 Bxd4 32. Nxc4 Rg5+ 33. Kf1 Bf6 34. Rd2 Rb8 35. Rd3 h5 36. b3 Rg4 37. h3 Rf4 38. Ree3 Bd4 39. Rf3 Rxf3 40. Rxf3 Bf6 41. Rd3 1/2-1/2

[Event "Dortmund3"]
[Site "Dortmund"]
[Date "2006.05.31"]
[Round "10"]
[White "Behler, Nils"]
[Black "Reschop, Romano"]
[Result "0-1"]
[WhiteElo "1643"]
[BlackElo "1666"]
[PlyCount "68"]
[EventDate "2006.04.26"]
[EventType "tourn"]
[EventRounds "11"]
[EventCountry "GER"]
[SourceTitle "EXT 2007"]
[Source "ChessBase"]
[SourceDate "2006.11.23"]
[SourceVersion "1"]
[SourceVersionDate "2006.11.23"]
[SourceQuality "1"]

1. e4 e5 2. Nf3 Nc6 3. Bc4 Nf6 4. d3 Bc5 5. Bb3 d6 6. c3 Qe7 7. h3 Bb6 8. 0-0 Be6 9. Bc2 d5 10. Bg5 dxe4 11. dxe4 h6 12. Bh4 g5 13. Bg3 Bc4 14. Re1 Rd8 15. Qc1 Nh5 16. Bh2 Nf4 17. Bxf4 gxf4 18. Ba4 Bxf2+ 19. Kxf2 Qc5+ 20. Nd4 exd4 21. b4 Qg5 22. Kg1 b5 23. Bd1 Ne5 24. Qc2 d3 25. Qd2 Be6 26. Kh1 Nc4 27. Qf2 Ne3 28. Nd2 Rg8 29. Rg1 Rg6 30. Nf3 Qf6 31. Nd4 Rxd4 32. cxd4 Rg3 33. Kh2 Qh4 34. Rf1 Rxg2+ 0-1

[Event "Dortmund3"]
[Site "Dortmund"]
[Date "2006.04.26"]
[Round "1"]
[White "Behler, Nils"]
[Black "Duschek, Guenter"]
[Result "1-0"]
[WhiteElo "1643"]
[BlackElo "1674"]
[PlyCount "133"]
[EventDate "2006.04.26"]
[EventType "tourn"]
[EventRounds "11"]
[EventCountry "GER"]
[SourceTitle "EXT 2007"]
[Source "ChessBase"]
[SourceDate "2006.11.23"]
[SourceVersion "1"]
[SourceVersionDate "2006.11.23"]
[SourceQuality "1"]

1. e4 d5 2. exd5 Qxd5 3. Nc3 Qd8 4. d4 Bf5 5. Qf3 Qc8 6. Bc4 e6 7. Bb3 Nf6 8. Nge2 c6 9. Bf4 Na6 10. 0-0 Nb4 11. a3 Nbd5 12. Be5 Be7 13. h3 h6 14. Ng3 Bg6 15. Nce2 h5 16. c4 Nb6 17. Nf4 h4 18. Nxg6 fxg6 19. Ne2 0-0 20. Qd3 g5 21. Bc2 Nbd7 22. Qg6 Qe8 23. Qxg5 Qh5 24. Qe3 Nxe5 25. dxe5 Nd7 26. Nf4 Qh6 27. Ng6 Rf7 28. Qc3 Bc5 29. b4 Bb6 30. c5 Bc7 31. f4 Nf8 32. f5 Qg5 33. Nf4 exf5 34. Bb3 Re8 35. Rae1 g6 36. Re2 Qe7 37. Rfe1 g5 38. Nh5 Ne6 39. Nf6+ Kg7 40. Qc4 Nf4 41. Nxe8+ Qxe8 42. Qxf7+ Qxf7 43. Bxf7 Nxe2+ 44. Rxe2 Kxf7 45. e6+ Ke7 46. Kf1 a5 47. Ke1 axb4 48. axb4 b6 49. Kd2 bxc5 50. bxc5 Ba5+ 51. Kd3 Bb4 52. Re5 g4 53. Rxf5 gxh3 54. gxh3 Kxe6 55. Rh5 Be1 56. Kc4 Bg3 57. Rh6+ Kd7 58. Kb4 Be1+ 59. Ka4 Kc7 60. Rh7+ Kb8 61. Re7 Bd2 62. Rd7 Be3 63. Kb4 Bf2 64. Rd6 Kc7 65. Kc4 Bg3 66. Rg6 Kd7 67. Kd3 1-0

[Event "Dortmund ABC Besserkoenner 18th"]
[Site "Dortmund"]
[Date "2002.11.30"]
[Round "11"]
[White "Wagner, Markus"]
[Black "Behler, Nils"]
[Result "1/2-1/2"]
[WhiteElo "1750"]
[BlackElo "1639"]
[PlyCount "57"]
[EventDate "2002.10.11"]
[EventType "tourn"]
[EventRounds "11"]
[EventCountry "GER"]
[SourceTitle "EXT 2004"]
[Source "ChessBase"]
[SourceDate "2003.11.25"]
[SourceVersion "1"]
[SourceVersionDate "2003.11.25"]
[SourceQuality "1"]

1. g3 d5 2. Bg2 e5 3. d3 c6 4. Nf3 Nd7 5. 0-0 Bd6 6. e4 dxe4 7. dxe4 Nc5 8. Nc3 Bg4 9. Qe2 Nf6 10. Rd1 Qe7 11. Bg5 h6 12. Bxf6 Qxf6 13. h3 Bh5 14. g4 Bg6 15. b4 Na6 16. a3 Nc7 17. Qc4 0-0 18. Rd2 Rfd8 19. Rad1 Qe7 20. Nh4 Qxh4 21. Rxd6 Ne6 22. Ne2 h5 23. f3 hxg4 24. fxg4 Kh8 25. Kh2 Rxd6 26. Rxd6 Rd8 27. Qd3 Rxd6 28. Qxd6 Qf2 29. Qd3 1/2-1/2

[Event "Dortmund ABC Besserkoenner 18th"]
[Site "Dortmund"]
[Date "2002.11.20"]
[Round "9"]
[White "Wiemann, Peter"]
[Black "Behler, Nils"]
[Result "0-1"]
[WhiteElo "1541"]
[BlackElo "1639"]
[PlyCount "50"]
[EventDate "2002.10.11"]
[EventType "tourn"]
[EventRounds "11"]
[EventCountry "GER"]
[SourceTitle "EXT 2004"]
[Source "ChessBase"]
[SourceDate "2003.11.25"]
[SourceVersion "1"]
[SourceVersionDate "2003.11.25"]
[SourceQuality "1"]

1. e4 e5 2. Nf3 Nc6 3. Nc3 Nf6 4. d4 exd4 5. Nxd4 Bb4 6. Nxc6 bxc6 7. Bd3 d5 8. exd5 cxd5 9. 0-0 0-0 10. Bg5 c6 11. Qf3 Be7 12. h3 Rb8 13. b3 h6 14. Be3 c5 15. Bxh6 gxh6 16. Qg3+ Kh8 17. Qxb8 Rg8 18. Qf4 Rg5 19. h4 Bd6 20. Qd2 Rh5 21. g3 Qg8 22. Kh1 Qg4 23. f4 Qxg3 24. Rf2 Ng4 25. Rg2 Qxh4+ 0-1